Minecraft Movie Quotes - Statistics

General Stats
  • This quiz has been taken 29 times
  • The average score is 8 of 26
Answer Stats
Hint Answer % Correct
1. Chicken Jockey
88%
3. Flint & Steel
83%
2. I Am Steve
83%
4. The Nether
67%
11. Water Bucket Release
63%
6. An Ender Pearl
50%
9. This Is A Crafting Table
50%
10. Coming In Hot
46%
25. Pink House
29%
8. They Love Crushing A Loaf
29%
15. Blades For Days
21%
19. Hola
21%
24. Big Ole Red Ones
17%
20. Boots Of Swiftness
17%
13. Ka-Doosh
17%
16. Welcome To The Stash
17%
14. Your Head Is Huge
17%
26. First We Mine Then We Craft Lets Minecraft
13%
5. That's A Legend
8%
18. You Got Yourself A Sweet Blade
8%
22. Just Start Trashing Their Produce
4%
7. Oh These Dudes Their The Villagers
4%
21. This Pig Is Mine
4%
17. TNT
4%
12. You Ever Wonder What Happens When You Mix Hot Lava & Chicken
4%
23. Enderman
0%
No matching quizzes found
Score Distribution
Percent of People with Each Score
Percentile by Number Answered
Your Score History
You have not taken this quiz